• 首页
  • 本馆介绍
  • 公告通知
  • 最新文献
  • 馆藏检索
  • 电子资源
  • 读者导购
  • 参考咨询
  • 我的图书馆
  • 登录
  • 详细信息显示
  • 放入我的书架
  • 预约/预借图书
  • 作者相关作品
  • 分类相关作品
  • 丛书相关作品
  • 出版社相关作品

书目信息

  • 表格格式
  • 工作单格式
  • 卡片格式
题名:
老HR手把手教你搞定薪酬设计
    
 
作者: 许江武 , 孙成军 著
分册:  
出版信息: 北京   北京联合出版公司  2020.06
页数: 226页
开本: 23cm
丛书名:
单 册:
中图分类: F272.923
科图分类:
主题词: 企业管理--qi ye guan li--工资管理--研究
电子资源:
ISBN: 978-7-5596-4075-8
000 00994nam0 2200253 450
001 CAL 0120202985540
005 20230217093113.0
010    @a978-7-5596-4075-8@dCNY55.00
100    @a20200519d2020 em y0chiy0120 ea
101 0  @achi
102    @aCN@b110000
105    @ay z 000yy
106    @ar
200 1  @a老HR手把手教你搞定薪酬设计@Alao HR shou ba shou jiao ni gao ding xin chou she ji@f许江武, 孙成军著
210    @a北京@c北京联合出版公司@d2020.06
215    @a226页@d23cm
314    @a许江武, 现任中国农业电影电视中心人事劳动处处长。孙成军, 毕业于北京大学光华管理学院。
330    @a本书是作者在丰富的薪酬管理实践基础上精心打磨而成, 将大量复杂的薪酬管理理念转变成简单的工具和方法, 内容包括: 认识薪酬 ; 薪酬战略与体系设计 ; 薪酬体系设计流程等。
606 0  @a企业管理@Aqi ye guan li@x工资管理@x研究
690    @aF272.923@v5
701  0 @a许江武@Axu jiang wu@4著
701  0 @a孙成军@Asun cheng jun@4著
801  0 @aCN@bBJXHZP@c20230228
905    @b1382044-7@dF272.923@e1954@f4
    
    老HR手把手教你搞定薪酬设计/许江武, 孙成军著.-北京:北京联合出版公司,2020.06
    226页;23cm
    
    
    ISBN 978-7-5596-4075-8:CNY55.00
    本书是作者在丰富的薪酬管理实践基础上精心打磨而成, 将大量复杂的薪酬管理理念转变成简单的工具和方法, 内容包括: 认识薪酬 ; 薪酬战略与体系设计 ; 薪酬体系设计流程等。
●
相关链接 在E读中查询图书 在五车中查询图书 在当当中查询图书 在豆瓣中查询图书


正题名:老HR手把手教你搞定薪酬设计     索取号:F272.923/1954         预约/预借

序号 登录号 条形码 馆藏地/架位号 状态 备注
1 1382044   213820445   第一样本阅览室/ [索取号:F272.923/1954] 在馆    
2 1382045   213820454   第一借阅区/ [索取号:F272.923/1954] 在馆    
3 1382046   213820463   第一借阅区/ [索取号:F272.923/1954] 在馆    
4 1382047   213820472   第一借阅区/ [索取号:F272.923/1954] 在馆    
唐山师范学院图书馆 欢迎您!
大连网信软件有限公司© 版权所有